| 000 | 00962nam a22002537a 4500 | ||
|---|---|---|---|
| 999 |
_c4604 _d4604 |
||
| 003 | AR-CdUCM | ||
| 008 | 190311b ||||| |||| 00| 0 spa d | ||
| 040 |
_aMUNICIPALIDAD PROVINCIAL DEL CUSCO _cBIBLIOTECA MUNICIPAL DEL CUSCO |
||
| 041 | _hfre | ||
| 082 |
_a338.54 / _bF56 |
||
| 100 |
_aFlamant, Maurice _914366 |
||
| 245 | _aCrisis y recesiones económicas / | ||
| 260 |
_aBarcelona : _bOikos-Tau, _c1971. |
||
| 300 |
_a126 páginas ; _bfiguras, _c17 cm. |
||
| 440 |
_aColección ¿qué sé?. _n38 _914367 |
||
| 505 | _aContenido: Las crisis en el siglo XIX (1815-1914) -- El período de entreguerras (1919-38) y la gran depresión -- Crecimiento y recesiones en la época contemporánea (1945-70). | ||
| 650 |
_aCiclos económicos _98438 |
||
| 650 |
_aSiglo XIX _9971 |
||
| 650 |
_aEstados Unidos _91805 |
||
| 700 |
_aSinger-Kerel, Jeanne (coautor) _914368 |
||
| 700 |
_aRubió, F. Minguella (traducción) _914369 |
||
| 942 |
_2ddc _cLIBROS |
||
| 945 | _aachl | ||